Premarital counseling /

Bibliographic Details
Main Author: Stahmann, Robert F.
Other Authors: Hiebert, William J.
Format: Book
Language:English
Published: Lexington, Mass. : Lexington Books, [1980]
Subjects:

MARC

Tag First Indicator Second Indicator Subfields
LEADER 00000pam a2200000 i 4500
001 in00000045835
005 20151007075312.0
008 790831s1980 maua b 00110 eng
010 |a  78019727  
020 |a 066902726X 
035 |a (OCoLC)05414963 
035 |9 AAF2983AM 
040 |a DLC  |c DLC  |d TXA  |d UtOrBLW 
049 |a TXAM  |c [1383651] 
050 0 0 |a HQ10  |b .S7 
082 0 |a 362.8/2 
100 1 |a Stahmann, Robert F. 
245 1 0 |a Premarital counseling /  |c Robert F. Stahmann, William J. Hiebert. 
264 1 |a Lexington, Mass. :  |b Lexington Books,  |c [1980] 
264 4 |c ©1980 
300 |a xiv, 170 pages :  |b illustrations ;  |c 24 cm. 
336 |a text  |b txt  |2 rdacontent 
337 |a unmediated  |b n  |2 rdamedia 
338 |a volume  |b nc  |2 rdacarrier 
500 |a Includes index. 
504 |a Bibliography: pages 161-167. 
650 0 |a Marriage counseling. 
700 1 |a Hiebert, William J. 
999 |a MARS 
999 f f |s 7126d487-d0fe-34b5-bb95-46e0c94cf837  |i 5a460787-4bb4-3531-98e5-2ce02cf83e8b  |t 0 
952 f f |p ric  |a Texas A&M University  |b Rellis Campus  |c Joint Library Facility  |d Remote Storage  |t 0  |e HQ10 .S7  |h Library of Congress classification  |i unmediated -- volume  |m A14802949508 
998 f f |a HQ10 .S7  |t 0  |l Remote Storage